| 000 | 01067cab a2200337 4500 | ||
|---|---|---|---|
| 001 | ABS57584 | ||
| 008 | 090401t1997 xxu||||| |||| 00| 0 eng d | ||
| 035 | _a(Sirsi) u81123 | ||
| 041 | _aeng | ||
| 245 | _aFocus `97: Out-of-Town Retail | ||
| 260 | _c1997 | ||
| 350 | _a0 | ||
| 490 |
_aEstates Gazette _v(9737) 13 September 1997, 113-151(13) |
||
| 520 | _aSurvey on out-of-town retail. Covers specialist trade-counter operators, fast food outlets, investment returns, government policy on planning and shopping/leisure villages. | ||
| 650 | _aDRIVE THRUS | ||
| 650 | _aFAST FOOD | ||
| 650 | _aINVESTMENT RETURNS | ||
| 650 | _aLEISURE VILLAGES | ||
| 650 | _aLIFESTYLE SHOPPING | ||
| 650 | _aOUT-OF-TOWN DEVELOPMENT | ||
| 650 | _aOUT-OF-TOWN RETAIL | ||
| 650 | _aOUT-OF-TOWN SHOPPING CENTRES | ||
| 650 | _aPLANNING POLICY | ||
| 650 | _aRETAIL PARKS | ||
| 650 | _aRETAIL WAREHOUSES | ||
| 650 | _aSHOPPING VILLAGES | ||
| 650 | _aTRADE CENTRES | ||
| 690 | _aPROPERTY-COMMERCIAL PROPERTY-RETAIL PROPERTY | ||
| 942 | _n0 | ||
| 948 | _c29/09/1997 | ||
| 999 |
_c51117 _d51117 |
||